000 00989nam a22003137a 4500
001 BR0202486
003 BR-BrBNA
005 20230928101056.0
007 ta
008 230509b bl.||||| |||| 00| 0 por d
040 _aBR-BrBNA
_bpor
_cBiblioteca Nacional de Agricultura
041 _a(Por)
072 _aL53
_b5212
090 _ 5212 BR0202486
100 1 _aBrandão, D.O.
110 1 _aUniversidade Federal de Viçosa, Belo Horizonte (Brasil). Escola de Veterinária
_0Tese (Mestrado)
_911003
245 1 _aVitrificação de ovócitos bovinos em diferentes momentos da maturação in vitro
260 3 _aBelo Horizonte, MG (Brasil):
_c2001.
300 _a61 p.
500 _aSummaries (Eng, Por); Bibliography p. 55-61; 21 illus.; 7 tables
650 _aBOVINO
650 _aREPRODUÇÃO ANIMAL
650 _aCULTURA IN VITRO
650 _aOVULAÇÃO
650 _aMATURAÇÃO
650 _aCRIOPRESERVAÇÃO
909 _a202309
_bLucia
_c55
_dLucia Elande
942 _cBK
999 _c64142
_d64142